| 000 | 00999nac a22003137a 4500 | ||
|---|---|---|---|
| 001 | BR7310781 | ||
| 003 | BR-BrBNA | ||
| 005 | 20240105113621.0 | ||
| 008 | 230509b bl.|||m| |||| 00| 0 por d | ||
| 040 |
_aBR-BrBNA _bpor _cBiblioteca Nacional de Agricultura |
||
| 072 | _aE10 | ||
| 090 | _aE10 BR7310781 | ||
| 110 | 1 |
_aBanco de Desenvolvimento do Estado de Sao Paulo S.A., Sao Paulo (Brasil) _91086 |
|
| 245 | 1 | _aReport on activities - 1973 [Banco de Desenvolvimento do Estado de Sao Paulo S.A., Brasil] | |
| 260 | 3 |
_aSao Paulo, SP (Brasil): _c1973. |
|
| 300 | _a35 p. | ||
| 490 |
_aRelatorio - Banco de Desenvolvimento do Estado de Sao Paulo S.A. (Brazil) _v _x |
||
| 500 | _a10 illus.; 10 tables | ||
| 650 | _aINSTITUICAO FINANCEIRA | ||
| 650 | _aCAPITAL | ||
| 650 | _aFINANCIAMENTO | ||
| 650 | _aINVESTIMENTO | ||
| 650 | _aRECEITA | ||
| 650 | _aDESPESA | ||
| 650 | _aLUCRO | ||
| 650 | _aSAO PAULO | ||
| 909 |
_a202312 _bLúcia Elande _c55 _dLúcia Elande |
||
| 942 |
_2AGRIS _n0 _cMS |
||
| 999 |
_c264677 _d264677 |
||